[Event "Bergen Grand Prix 2022"]
[Site "Nordnes Bydelshus"]
[Date "2022.11.25"]
[Round "1"]
[White "Houska, Jovanka"]
[Black "Strømhaug, Kristoffer Wang"]
[Result "1-0"]
[WhiteElo "2347"]
[BlackElo "1750"]
1. d4 d5 2. c4 c6 3. Nc3 Nf6 4. e3 e6 5. Nf3 Nbd7 6. Be2 Bd6 7. O-O O-O 8. b3
Qe7 9. Bb2 Ba3 10. Bxa3 Qxa3 11. Qc2 Qe7 12. Rad1 b6 13. e4 dxe4 14. Nxe4 Bb7
15. Nxf6+ Nxf6 16. c5 bxc5 17. dxc5 a5 18. Rfe1 Nd5 19. a3 Ba6 20. Bxa6 Rxa6
21. Qc4 Raa8 22. Nd4 Rac8 23. g3 Rfd8 24. Nf5 Qf8 25. Nd6 Rxd6 26. cxd6 Qxd6
27. Qa6 Rb8 28. Rc1 Qxa3 29. Rxc6 Ne7 30. Rb6 1-0

[Event "Bergen Grand Prix 2022"]
[Site "Nordnes Bydelshus"]
[Date "2022.11.25"]
[Round "1"]
[White "Sivertsen, Jarle"]
[Black "Johannessen, Heine N"]
[Result "1/2-1/2"]
[WhiteElo "1631"]
[BlackElo "2058"]

1. d4 d5 2. Bf4 Nf6 3. e3 c5 4. c3 Nc6 5. Bd3 Qb6 6. Qb3 c4 7. Qxb6 axb6 8. Bc2
e6 9. Nd2 b5 10. b4 Nh5 11. Ne2 Nxf4 12. exf4 Bd6 13. O-O O-O 14. a4 bxa4 15.
Rxa4 Rxa4 16. Bxa4 Bd7 17. Bxc6 Bxc6 18. Ra1 f6 19. Nf3 Kf7 20. g3 Ke7 21. Kf1
Kd7 22. Ke1 Kc7 23. Kd2 h6 24. h4 g5 25. hxg5 fxg5 26. Ne5 Be8 27. Rh1 h5 28.
Ke3 g4 29. f3 gxf3 30. Kxf3 Rg8 31. Rg1 Rh8 32. Rh1 Kb6 33. Ra1 h4 34. g4 Be7
35. Ng1 h3 36. Kg3 Bh4+ 37. Kh2 Bf6 38. Nxh3 Bxe5 39. fxe5 Rg8 40. Kg3 Bg6 41.
Nf2 Kc7 42. Ra2 Rh8 43. Ra1 Rg8 44. Rh1 Kd7 45. Rh6 Ke7 46. Rh1 1/2-1/2

[Event "Bergen Grand Prix 2022"]
[Site "Nordnes Bydelshus"]
[Date "2022.11.25"]
[Round "1"]
[White "Høyforsslett, Gard Rye"]
[Black "Roulet-Dubonnet, Emerik Våpenstad"]
[Result "0-1"]
[WhiteElo "1741"]
[BlackElo "2309"]

1. e4 c5 2. Nf3 e6 3. g3 Nc6 4. Bg2 Nf6 5. Qe2 e5 6. O-O Be7 7. c3 O-O 8. Rd1
d6 9. h3 Re8 10. d4 cxd4 11. cxd4 exd4 12. Nxd4 Nxd4 13. Rxd4 Bf8 14. Nc3 Be6
15. Qd1 Qb6 16. Bf4 Qxb2 17. Na4 Qb5 18. Bxd6 Bxd6 19. Rxd6 Qa5 20. Qd4 Bxh3
21. Bxh3 Rxe4 22. Qd3 Qxa4 23. Rd1 Ree8 24. a3 Qa5 25. Kf1 h6 26. Bg2 Rab8 27.
Rb1 Qc7 28. Rd1 Rbc8 29. Qb5 Rcd8 30. Rxd8 Rxd8 31. Rxd8+ Qxd8 32. Bxb7 Qb6 33.
Qxb6 axb6 34. Ke2 Kf8 35. Kd3 Ne8 36. Kd4 Nc7 37. Ke5 Ke7 38. Bc6 f6+ 39. Kd4
Kd6 40. Be4 b5 41. f4 Ne6+ 42. Kc3 Kc5 43. Bf5 Nd4 44. Bg4 Nc6 45. Be6 Na5 46.
Bf7 Nb7 47. Bb3 Nd6 48. Kd3 f5 49. Be6 g6 50. g4 fxg4 51. Bxg4 Nc4 52. f5 Ne5+
0-1

[Event "Bergen Grand Prix 2022"]
[Site "Nordnes Bydelshus"]
[Date "2022.11.25"]
[Round "1"]
[White "Bjarnason, Snorri Vikanes"]
[Black "Hølleland, Sigve"]
[Result "0-1"]
[WhiteElo "1673"]
[BlackElo "2148"]

1. c4 e5 2. Nc3 Nc6 3. Nf3 Bb4 4. d3 f5 5. Qc2 Nf6 6. a3 Bxc3+ 7. Qxc3 Qe7 8.
Bg5 h6 9. Bxf6 Qxf6 10. e3 O-O 11. Be2 d6 12. h4 Nd8 13. h5 a6 14. Nh4 c6 15.
Ng6 Re8 16. Rd1 Qg5 17. g3 Ne6 18. Rh4 f4 19. exf4 exf4 20. Rg4 Nd4 21. Rxg5
Nf3+ 22. Kf1 Bh3# 0-1

[Event "Bergen Grand Prix 2022"]
[Site "Nordnes Bydelshus"]
[Date "2022.11.25"]
[Round "1"]
[White "Sneeggen, Espen"]
[Black "Brodtkorb, Lars Johan"]
[Result "0-1"]
[WhiteElo "1671"]
[BlackElo "2111"]

1. e4 c6 2. Nf3 d5 3. Nc3 Nf6 4. e5 Ng8 5. d4 Bg4 6. Bg5 Qb6 7. Na4 Qa5+ 8. c3
Bxf3 9. gxf3 e6 10. Bd3 b5 11. Nc5 Bxc5 12. dxc5 Nd7 13. b4 Qa3 14. O-O Nxe5
15. Re1 Qxc3 16. Rxe5 Qxe5 17. Qc1 Qd4 18. Bf1 Nf6 19. a4 O-O 20. axb5 cxb5 21.
Bxb5 Qxb4 22. Rb1 Qa5 23. Bxf6 gxf6 24. Qh6 Qc3 25. Be2 Kh8 26. Kh1 Rg8 27. Qf4
Qe5 28. Qh4 Rab8 29. Rd1 Qg5 30. Qh3 Rb4 31. f4 Rxf4 32. Rd3 Qg1# 0-1

[Event "Bergen Grand Prix 2022"]
[Site "Nordnes Bydelshus"]
[Date "2022.11.25"]
[Round "1"]
[White "Lien, Sebastian"]
[Black "Fossheim, Yngve Götestam"]
[Result "0-1"]
[WhiteElo "1588"]
[BlackElo "1951"]

1. d4 d5 2. c4 e6 3. Nf3 c6 4. cxd5 exd5 5. Bf4 Nf6 6. a3 Qb6 7. Qc1 Bf5 8. e3
Nbd7 9. Nbd2 h6 10. Ne5 Nxe5 11. Bxe5 Nd7 12. Bg3 Rc8 13. Be2 Be7 14. O-O c5
15. b4 c4 16. Nb1 a5 17. Nc3 Nf6 18. b5 Qe6 19. Bf3 Bd3 20. Rd1 Ne4 21. Nxd5
Qxd5 22. Rxd3 Qd7 23. Rd1 Nxg3 24. hxg3 Qxb5 25. Rb1 Qa4 26. Bxb7 Rc7 27. Ba6
O-O 28. Bb5 Qxa3 29. d5 c3 30. Bc6 Qxc1 31. Rdxc1 Bb4 32. Rb3 Rfc8 33. Rcxc3
Bxc3 34. Rxc3 Kf8 35. e4 Ke7 36. e5 Rxc6 37. dxc6 Kd8 38. Kf1 Kc7 39. Ke2 Kb6
40. Kd3 Rxc6 41. Rxc6+ Kxc6 42. Kc4 h5 43. f4 g6 44. Kb3 Kd5 45. Ka4 Ke4 46.
Kxa5 h4 47. gxh4 Kxf4 48. Kb5 Kxe5 49. g4 Kf4 50. h5 gxh5 51. gxh5 Kg5 52. h6
Kxh6 53. Kc4 Kg5 54. Kd3 Kf4 55. Ke2 f6 56. Kf2 f5 57. Ke2 Kg3 58. Kf1 Kf3 59.
Ke1 Kg2 0-1

[Event "Bergen Grand Prix 2022"]
[Site "Nordnes Bydelshus"]
[Date "2022.11.25"]
[Round "1"]
[White "Bechstrøm, Henrik Mathias"]
[Black "Moeller, Lisa-Marie"]
[Result "0-1"]
[WhiteElo "1572"]
[BlackElo "1932"]

1. e4 c5 2. Nf3 e6 3. c3 d5 4. exd5 Qxd5 5. d4 Nf6 6. Na3 a6 7. Nc4 Nbd7 8. Be3
b5 9. Nce5 Nxe5 10. Nxe5 cxd4 11. Bxd4 Bb7 12. a4 b4 13. Nf3 Rd8 14. Be2 Qe4
15. Qb3 Nh5 16. Be3 Nf4 17. Bxf4 Qxf4 18. O-O Bd6 19. Qc4 Qxc4 20. Bxc4 bxc3
21. bxc3 Rc8 22. Rfd1 Bxh2+ 23. Nxh2 Rxc4 24. Rd3 Ke7 25. Nf1 Rhc8 26. Ra3 Bc6
27. a5 Ra4 28. Rxa4 Bxa4 29. Rg3 g6 30. Nd2 Rc5 31. Rg4 Rxa5 32. Nc4 Rc5 33.
Nb6 Bc2 34. c4 Rc6 0-1

[Event "Bergen Grand Prix 2022"]
[Site "Nordnes Bydelshus"]
[Date "2022.11.25"]
[Round "1"]
[White "Texe, Eirik"]
[Black "Eriksen, Olai Dyrhaug"]
[Result "0-1"]
[WhiteElo "1562"]
[BlackElo "1831"]

1. e4 c6 2. d4 d5 3. e5 c5 4. dxc5 Nc6 5. a3 e6 6. b4 a5 7. b5 Nxe5 8. Bb2 Ng6
9. Nf3 Nf6 10. c6 bxc6 11. bxc6 Bc5 12. a4 Ba6 13. Bd4 Qb6 14. Bxa6 Rxa6 15.
Qd3 Bxd4 16. Nxd4 Ne5 17. Qb5 Nxc6 18. O-O O-O 19. Nxc6 Qxc6 20. Nc3 Rb6 21.
Qxa5 Ra8 22. Nxd5 Rxa5 23. Ne7+ Kf8 24. Nxc6 Rxc6 0-1

[Event "Bergen Grand Prix 2022"]
[Site "Nordnes Bydelshus"]
[Date "2022.11.25"]
[Round "2"]
[White "Sekkingstad, Thomas"]
[Black "Skytte, Rasmus"]
[Result "0-1"]
[WhiteElo "1806"]
[BlackElo "2351"]

1. d4 Nf6 2. Nf3 c5 3. d5 d6 4. c4 b5 5. Qc2 g6 6. e4 Bg7 7. cxb5 O-O 8. Bd2 e6
9. dxe6 Bxe6 10. Be2 d5 11. exd5 Bf5 12. Qc1 Re8 13. Nc3 Bd3 14. Be3 Bxe2 15.
Nxe2 Nxd5 16. O-O Nxe3 17. fxe3 Nd7 18. Nc3 Nf6 19. Re1 Ng4 20. h3 Ne5 21. Nxe5
Rxe5 22. Qc2 Qg5 23. e4 Rae8 24. Re2 Qg3 25. Rf1 Rg5 26. Qb3 Re6 27. Na4 Bd4+
28. Kh1 Qh4 29. Nc3 Rg3 30. Qc4 Rf6 31. Rxf6 Qxf6 32. Rc2 Re3 33. Rc1 Rxh3+ 34.
gxh3 Qf3+ 35. Kh2 Qf4+ 36. Kg2 Qg5+ 37. Kf3 Qe3+ 38. Kg2 Qxc1 39. a4 Qg1+ 40.
Kf3 Qe3+ 41. Kg2 Qf2+ 0-1

[Event "Bergen Grand Prix 2022"]
[Site "Nordnes Bydelshus"]
[Date "2022.11.25"]
[Round "2"]
[White "Fossheim, Yngve Götestam"]
[Black "Houska, Jovanka"]
[Result "1/2-1/2"]
[WhiteElo "1951"]
[BlackElo "2347"]

1. d4 d5 2. c4 e6 3. Nf3 Nf6 4. g3 Bb4+ 5. Bd2 Bd6 6. Nc3 Nc6 7. cxd5 exd5 8.
Bg5 Be6 9. a3 h6 10. Bxf6 Qxf6 11. Bg2 O-O 12. O-O Qd8 13. b4 Ne7 14. Ne1 c6
15. Nd3 b6 16. e3 Qd7 17. Re1 a5 18. Qb3 axb4 19. axb4 Qb7 20. Ne2 Bf5 21. b5
c5 22. Ndf4 Be4 23. dxc5 Bxc5 24. Nd4 Qd7 25. Ra6 Rad8 26. Nfe2 Rfe8 27. Rea1
Qd6 28. Ra7 Qf6 29. Rc7 Bxg2 30. Kxg2 Nf5 31. Raa7 Bxd4 32. Nxd4 Nxd4 33. exd4
Qxd4 34. Qf3 Rf8 35. Rxf7 Qe5 36. Rxf8+ Rxf8 37. Qe3 Qf6 38. Re7 d4 39. Qe6+
Kh7 40. Qxf6 Rxf6 41. Re5 d3 42. Rd5 d2 43. Rxd2 Rf5 44. Rb2 g5 45. Rb4 Kg6 46.
f4 gxf4 47. gxf4 Rc5 48. Kg3 1/2-1/2

[Event "Bergen Grand Prix 2022"]
[Site "Nordnes Bydelshus"]
[Date "2022.11.25"]
[Round "2"]
[White "Roulet-Dubonnet, Emerik Våpenstad"]
[Black "Moeller, Lisa-Marie"]
[Result "1-0"]
[WhiteElo "2309"]
[BlackElo "1932"]

1. d4 c5 2. d5 Nf6 3. c4 e6 4. Nc3 exd5 5. cxd5 d6 6. e4 g6 7. Bd3 Bg7 8. h3
O-O 9. Nf3 Re8 10. O-O Nfd7 11. Bf4 Ne5 12. Nxe5 Bxe5 13. Bxe5 Rxe5 14. f4 Re8
15. Qf3 Nd7 16. Rae1 a6 17. a4 Qf6 18. Qg3 Qd4+ 19. Kh1 c4 20. Bc2 Rb8 21. e5
dxe5 22. Re4 Qc5 23. fxe5 Qc7 24. e6 1-0

[Event "Bergen Grand Prix 2022"]
[Site "Nordnes Bydelshus"]
[Date "2022.11.25"]
[Round "2"]
[White "Hølleland, Sigve"]
[Black "Eriksen, Olai Dyrhaug"]
[Result "1-0"]
[WhiteElo "2148"]
[BlackElo "1831"]

1. e3 Nf6 2. c4 c5 3. d4 cxd4 4. exd4 d5 5. Nc3 g6 6. cxd5 Bg7 7. Bc4 O-O 8.
Nge2 Nbd7 9. Nf4 Nb6 10. Bb3 Bg4 11. f3 Bf5 12. g4 Bd7 13. h4 h5 14. gxh5 Nxh5
15. Nxh5 gxh5 16. Qd3 Qc7 17. Ne4 Kh8 18. d6 exd6 19. Nf6 Bxf6 20. Bc2 Bxh4+
21. Rxh4 f5 22. Bf4 Nd5 23. Rxh5+ Kg8 24. Bb3 Be6 25. Rg5+ Kf7 26. Bd2 Rae8 27.
Kf2 Nf6 28. Rag1 Ke7 29. Bxe6 Ne4+ 30. Qxe4 fxe4 31. Rg7+ Kxe6 32. Rxc7 Rxf3+
33. Ke2 Rh8 34. Rg2 Kd5 35. Rxb7 Rc8 36. Bc3 Rcf8 37. Rxa7 e3 38. Re7 1-0

[Event "Bergen Grand Prix 2022"]
[Site "Nordnes Bydelshus"]
[Date "2022.11.25"]
[Round "2"]
[White "Brodtkorb, Lars Johan"]
[Black "Gryte, Jonas"]
[Result "1-0"]
[WhiteElo "2111"]
[BlackElo "1474"]

1. d4 Nf6 2. c4 c5 3. Nf3 cxd4 4. Nxd4 e6 5. g3 Bb4+ 6. Bd2 Bxd2+ 7. Nxd2 Nc6
8. Nb5 O-O 9. Bg2 d5 10. O-O a6 11. Nc3 d4 12. Nce4 Nxe4 13. Nxe4 e5 14. c5 Be6
15. Nd6 Qc7 16. Qa4 Rab8 17. Rac1 Ne7 18. f4 f6 19. f5 Bd5 20. Bxd5+ Nxd5 21.
Qc4 Qc6 22. e4 dxe3 23. Rfd1 b6 24. Qxd5+ Qxd5 25. Rxd5 bxc5 26. b3 Rfd8 27.
Rcxc5 Rd7 28. Nc4 Rbd8 29. Nxe3 Kf8 30. Kf2 Ke7 31. Kf3 g6 32. Ke4 Kf7 33.
Rxd7+ Rxd7 34. Nd5 Rd6 35. Rc7+ Kf8 36. g4 gxf5+ 37. gxf5 Kg8 38. b4 h6 39. a4
h5 40. b5 axb5 41. axb5 1-0

[Event "Bergen Grand Prix 2022"]
[Site "Nordnes Bydelshus"]
[Date "2022.11.25"]
[Round "2"]
[White "Johannessen, Heine N"]
[Black "Engelsen, Teodor Tenfjord"]
[Result "1/2-1/2"]
[WhiteElo "2058"]
[BlackElo "1758"]

1. d4 Nf6 2. Nf3 c5 3. c4 cxd4 4. Nxd4 e5 5. Nb5 d5 6. cxd5 Bc5 7. N5c3 O-O 8.
g3 Ng4 9. e3 f5 10. Be2 Nd7 11. Bxg4 fxg4 12. Ne4 Bb6 13. O-O Nf6 14. Nxf6+
Qxf6 15. Nc3 Bd7 16. Qe2 Rf7 17. e4 Raf8 18. Be3 Bd4 19. Bxd4 exd4 20. e5 Qb6
21. Ne4 Bb5 22. Qxg4 Bxf1 23. Rxf1 h5 24. Qe2 Rf5 25. f4 Rxe5 26. Nf6+ gxf6 27.
fxe5 d3+ 28. Qf2 fxe5 29. Qxb6 axb6 30. Re1 Rd8 31. Kf2 Rxd5 32. Ke3 Kf7 33.
Rd1 Rb5 34. b3 Ra5 35. a4 Ke6 36. Rxd3 Rc5 37. Rd2 1/2-1/2

[Event "Bergen Grand Prix 2022"]
[Site "Nordnes Bydelshus"]
[Date "2022.11.25"]
[Round "2"]
[White "Johannessen, Theo N"]
[Black "Hagesæther, Arne"]
[Result "0-1"]
[WhiteElo "1745"]
[BlackElo "2050"]

1. d4 Nf6 2. Nf3 e6 3. c4 Bb4+ 4. Bd2 Be7 5. g3 O-O 6. Nc3 d5 7. cxd5 exd5 8.
Bg2 c5 9. O-O Nc6 10. Bf4 cxd4 11. Nxd4 Qb6 12. Nb3 d4 13. Ne4 Bf5 14. Nd6 Be6
15. Qd3 Rad8 16. Nf5 Rfe8 17. Nxe7+ Rxe7 18. Bg5 Ne5 19. Qd2 Bd5 20. Bxd5 Rxd5
21. Bxf6 Qxf6 22. Rac1 h5 23. Rc8+ Kh7 24. Qc2+ g6 25. Nc5 Nc6 26. Nxb7 d3 27.
exd3 Nd4 28. Qc4 Qf3 29. h4 Rxb7 30. b3 g5 31. Re1 gxh4 32. Ree8 Qd1+ 33. Kg2
h3+ 0-1

[Event "Bergen Grand Prix 2022"]
[Site "Nordnes Bydelshus"]
[Date "2022.11.25"]
[Round "2"]
[White "Mansoor, Afras"]
[Black "Sivertsen, Jarle"]
[Result "1-0"]
[WhiteElo "1990"]
[BlackElo "1631"]

1. d4 d5 2. c4 e6 3. g3 Nf6 4. Bg2 Be7 5. Nf3 O-O 6. O-O c6 7. Nbd2 Nbd7 8. Qc2
Re8 9. Rd1 Bf8 10. e4 dxe4 11. Nxe4 Nxe4 12. Qxe4 Nf6 13. Qc2 Qb6 14. c5 Qd8
15. b4 Nd5 16. Bd2 g6 17. a4 Bg7 18. Ne5 Qc7 19. Bc3 f6 20. Nc4 Rd8 21. Nd6 Bd7
22. Re1 Bf8 23. Nc4 Bg7 24. h4 Rf8 25. Ra3 Rf7 26. Bd2 f5 27. Ne5 Rff8 28. h5
gxh5 29. Qd1 Be8 30. Bf3 Nf6 31. Bf4 Qc8 32. Nc4 Bf7 33. Nd6 Qd7 34. Be5 Ng4
35. b5 a6 36. Rb3 axb5 37. axb5 Bxe5 38. dxe5 Ra2 39. Qb1 Rfa8 40. bxc6 bxc6
41. Bxg4 fxg4 42. Rb7 Qxb7 43. Qxb7 Bg6 44. Qe7 Rd2 45. Qxe6+ Kf8 46. Qf6+ Kg8
47. Nf5 Bxf5 48. Qg5+ 1-0

[Event "Bergen Grand Prix 2022"]
[Site "Nordnes Bydelshus"]
[Date "2022.11.25"]
[Round "3"]
[White "Skytte, Rasmus"]
[Black "Mansoor, Afras"]
[Result "0-1"]
[WhiteElo "2351"]
[BlackElo "1990"]

1. e4 e5 2. Bc4 Nf6 3. d3 Nc6 4. Nc3 Bc5 5. f4 d6 6. Nf3 exf4 7. Bxf4 O-O 8.
Bg5 h6 9. Bh4 Bg4 10. h3 Bxf3 11. gxf3 Nd4 12. Na4 b5 13. Nxc5 dxc5 14. Bb3 a5
15. c3 Nxb3 16. axb3 Qd6 17. Qd2 Nh5 18. Rg1 f5 19. c4 fxe4 20. fxe4 Rf3 21.
O-O-O a4 22. cxb5 axb3 23. Kb1 Rxh3 24. Rg4 Qd4 25. Qc3 Ra1+ 26. Kxa1 Qa4+ 27.
Kb1 Qa2+ 28. Kc1 Rh2 0-1

[Event "Bergen Grand Prix 2022"]
[Site "Nordnes Bydelshus"]
[Date "2022.11.25"]
[Round "3"]
[White "Houska, Jovanka"]
[Black "Brodtkorb, Lars Johan"]
[Result "1-0"]
[WhiteElo "2347"]
[BlackElo "2111"]

1. d4 Nf6 2. Nf3 d5 3. c4 e6 4. Nc3 Be7 5. Bf4 O-O 6. e3 b6 7. Qc2 Bb7 8. cxd5
exd5 9. Be2 Nbd7 10. h3 c5 11. O-O c4 12. b3 Rc8 13. bxc4 dxc4 14. a3 a6 15.
Rfd1 b5 16. d5 Bc5 17. e4 Qb6 18. Bf1 Nh5 19. Bh2 Qf6 20. e5 Qh6 21. Qf5 Nb6
22. g4 g6 23. Qg5 Qxg5 24. Nxg5 Ng7 25. Nge4 Rfd8 26. Bf4 Be7 27. d6 Bh4 28.
Be3 Nd7 29. f4 Re8 30. Bg2 Ba8 31. g5 Nf5 32. Bf2 Kg7 33. Rab1 Bxf2+ 34. Kxf2
Rb8 35. Bf3 Rec8 36. Bg4 Bxe4 37. Nxe4 c3 38. Rbc1 Rc4 39. Bf3 Rbc8 40. Nf6
Nxf6 41. gxf6+ Kh6 42. d7 Rd8 43. Rd3 a5 44. Rcxc3 Rxc3 45. Rxc3 Rxd7 46. Be4
Rd4 47. Kf3 Ra4 48. Bxf5 gxf5 49. Kg3 b4 50. axb4 axb4 51. Rc8 Ra3+ 52. Kh4 Rc3
53. Rb8 Kg6 54. Rg8+ Kh6 55. e6 1-0

[Event "Bergen Grand Prix 2022"]
[Site "Nordnes Bydelshus"]
[Date "2022.11.25"]
[Round "3"]
[White "Hølleland, Sigve"]
[Black "Roulet-Dubonnet, Emerik Våpenstad"]
[Result "1-0"]
[WhiteElo "2148"]
[BlackElo "2309"]

1. d4 Nf6 2. c4 e6 3. Nc3 Bb4 4. e3 O-O 5. Bd3 d5 6. cxd5 exd5 7. Nge2 Re8 8.
O-O Bf8 9. Nf4 c6 10. Bc2 Nbd7 11. f3 b5 12. a3 Bb7 13. b4 a5 14. Rb1 Nb6 15.
e4 dxe4 16. fxe4 Nc4 17. e5 Nxe5 18. dxe5 Qb6+ 19. Kh1 Rxe5 20. Nd3 Ree8 21.
Bg5 Nd5 22. Nxd5 cxd5 23. Nc5 axb4 24. Bxh7+ Kxh7 25. Qh5+ Kg8 26. Qxf7+ Kh7
27. Rf4 Bxc5 28. Rh4+ 1-0

[Event "Bergen Grand Prix 2022"]
[Site "Nordnes Bydelshus"]
[Date "2022.11.25"]
[Round "3"]
[White "Høyforsslett, Gard Rye"]
[Black "Johannessen, Heine N"]
[Result "1/2-1/2"]
[WhiteElo "1741"]
[BlackElo "2058"]

1. e4 c5 2. Nf3 g6 3. c3 d5 4. exd5 Qxd5 5. d4 Bg7 6. Na3 cxd4 7. Bc4 Qe4+ 8.
Be3 Nh6 9. Bd3 Qg4 10. h3 Qh5 11. Bxh6 Qxh6 12. Nb5 Na6 13. Nbxd4 O-O 14. Bxa6
bxa6 15. Nc6 Re8 16. O-O Qf4 17. Re1 Qc7 18. Nce5 Rb8 19. Qa4 Be6 20. Rad1 Rec8
21. Nd7 Rxb2 22. Ng5 Bc4 23. Qa3 Rxa2 24. Qxe7 Bxc3 25. Re3 Bg7 26. Rc1 Qf4 27.
Nf3 Ra1 28. Qe8+ Rxe8 29. Rxe8+ Bf8 30. Rxf8+ Kg7 31. Rxa1 Qd6 32. Rc8 Be6 33.
Rc2 Qxd7 34. Rd2 Qb7 35. Rd6 Bc4 36. Rdd1 Bd5 37. Ne1 Bc4 38. Nc2 h5 39. Ne3
Bb5 40. Rdc1 Qd7 41. Nc4 Qd5 42. Ne3 Qd7 43. Nc4 Qe7 44. Ne3 Qe5 45. Rd1 Kh6
46. Rac1 Kg7 1/2-1/2

[Event "Bergen Grand Prix 2022"]
[Site "Nordnes Bydelshus"]
[Date "2022.11.25"]
[Round "3"]
[White "Hagesæther, Arne"]
[Black "Fossheim, Yngve Götestam"]
[Result "1/2-1/2"]
[WhiteElo "2050"]
[BlackElo "1951"]

1. e4 c5 2. Nf3 g6 3. c3 d5 4. exd5 Qxd5 5. Be2 Bg7 6. O-O Nf6 7. Na3 a6 8. Nc4
Qd8 9. d4 b5 10. Nce5 cxd4 11. a4 bxa4 12. Rxa4 O-O 13. Nxd4 Bb7 14. Bf3 Bxf3
15. Qxf3 Qd5 16. Re1 Qxf3 17. Nexf3 e6 18. Bf4 Nbd7 19. Bd6 Rfc8 20. Rea1 Ne4
21. Rxa6 Rxa6 22. Rxa6 Ndc5 23. Nc6 Bf8 24. Bxf8 Kxf8 25. Rb6 Nd7 1/2-1/2

[Event "Bergen Grand Prix 2022"]
[Site "Nordnes Bydelshus"]
[Date "2022.11.25"]
[Round "3"]
[White "Moeller, Lisa-Marie"]
[Black "Texe, Eirik"]
[Result "0-1"]
[WhiteElo "1932"]
[BlackElo "1562"]

1. e4 c5 2. Nf3 d6 3. Bb5+ Bd7 4. Bxd7+ Nxd7 5. c4 e5 6. Nc3 Ne7 7. O-O g6 8.
d3 Bg7 9. Bg5 f6 10. Be3 O-O 11. h4 Nb8 12. Nh2 f5 13. f4 Nbc6 14. h5 Nd4 15.
Bxd4 cxd4 16. Nd5 fxe4 17. dxe4 Nxd5 18. cxd5 Qh4 19. hxg6 Rxf4 20. gxh7+ Kh8
21. Rxf4 Qxf4 22. Qe2 Rc8 23. Nf3 Bh6 24. Ne1 Qh4 25. Nd3 Be3+ 26. Nf2 Rf8 27.
Rf1 Rf7 0-1

[Event "Bergen Grand Prix 2022"]
[Site "Nordnes Bydelshus"]
[Date "2022.11.25"]
[Round "3"]
[White "Eriksen, Olai Dyrhaug"]
[Black "Engelsen, Teodor Tenfjord"]
[Result "1-0"]
[WhiteElo "1831"]
[BlackElo "1758"]

1. e4 c5 2. Nc3 Nc6 3. Bb5 Nd4 4. Nf3 Nxb5 5. Nxb5 d6 6. d4 Nf6 7. Nc3 cxd4 8.
Qxd4 e5 9. Qd3 h6 10. Nd2 Be6 11. Nc4 Rc8 12. Ne3 Be7 13. O-O O-O 14. a4 a6 15.
a5 Rc5 16. b4 Rxc3 17. Qxc3 Nxe4 18. Qd3 Nf6 19. c4 Qc8 20. Bb2 Rd8 21. Rac1
Qb8 22. Nd5 Nxd5 23. cxd5 Bd7 24. Rfd1 Ba4 25. Re1 Bg5 26. Rc3 g6 27. Bc1 Bf6
28. Bxh6 Re8 29. Qh3 Qd8 30. Be3 Bd7 31. Qh6 e4 32. Rcc1 Bg7 33. Qg5 Bf6 34.
Qg3 Re5 35. Bd4 Rg5 36. Qc3 Bxd4 37. Qxd4 Bh3 38. g3 Re5 39. Rxe4 Qg5 40. Rce1
Qf5 41. Rxe5 dxe5 42. Qxe5 Qf3 43. Qe4 Qf6 44. Qe8+ Kh7 45. Qe5 Qf3 46. Qe4 Qc3
47. d6 Qd2 48. Qe7 Kg8 49. Qe8+ Kg7 50. Qe4 Kg8 51. d7 Bxd7 52. h4 Bc6 53. Qe5
Qd3 54. Qe3 Qf5 55. Qf4 Qd5 56. f3 Qh5 57. Rd1 Qh7 58. Rd8+ Kg7 59. Qe5+ 1-0

[Event "Bergen Grand Prix 2022"]
[Site "Nordnes Bydelshus"]
[Date "2022.11.25"]
[Round "3"]
[White "Sneeggen, Espen"]
[Black "Sekkingstad, Thomas"]
[Result "1/2-1/2"]
[WhiteElo "1671"]
[BlackElo "1806"]

1. e4 c6 2. Nf3 d5 3. Nc3 Bg4 4. h3 Bxf3 5. Qxf3 e6 6. Be2 Nf6 7. O-O Nbd7 8.
d4 dxe4 9. Nxe4 Nxe4 10. Qxe4 Nf6 11. Qd3 Be7 12. a4 O-O 13. a5 Nd5 14. c3 Qc7
15. Qf3 Rac8 16. Bd3 h6 17. Re1 Rfd8 18. Bb1 c5 19. dxc5 Bxc5 20. Ra4 Re8 21.
Rg4 f5 22. Rg6 Qf7 23. Qg3 Bd6 24. Rxg7+ Qxg7 25. Qxd6 Rcd8 26. Qc5 b6 27. axb6
axb6 28. Qc4 Qf6 29. Qe2 Kg7 30. Bd2 e5 31. Qh5 Qg6 32. Qf3 e4 33. Qe2 Kh7 34.
Kh1 Rg8 35. g4 Nf6 36. f3 Rge8 37. Be3 h5 38. gxf5 Qxf5 39. fxe4 Qxh3+ 40. Qh2
Qxh2+ 41. Kxh2 Ng4+ 42. Kg3 Ne5 43. Bxb6 Rb8 44. Bd4 Rxb2 45. Kf4 Ng6+ 46. Ke3
Kh6 47. Bd3 h4 48. Rh1 Rg2 49. Bf1 Rg3+ 50. Kf2 Rf8+ 51. Ke2 Re8 52. Kf2 Rg4
53. Bd3 Rf8+ 54. Ke1 Ra8 55. Kf2 Ra2+ 56. Be2 Rxe4 57. Be3+ Kh7 58. Kf3 Re6 59.
Bd3 Ra4 60. Bg5 Kg7 61. Bxg6 Rxg6 62. Rxh4 Rxh4 63. Bxh4 Rc6 64. Be1 Kf6 65.
Kg2 Ke5 66. Kh1 Ke4 67. Bf2 Rh6+ 68. Kg2 Kd3 69. Bg1 Kxc3 70. Bh2 Kd3 71. Kh1
Ke2 72. Kg2 Rg6+ 73. Kh1 Kf1 74. Bf4 Kf2 75. Bh2 Rg7 76. Be5 Rg1+ 77. Kh2 Rg5
78. Bd4+ Kf1 79. Bb6 Rb5 80. Bd4 Rh5+ 81. Kg3 Rd5 82. Bb6 Rd2 83. Kh3 Rb2 84.
Bc5 Ke2 85. Kg2 Rb5 86. Bg1 Rg5+ 87. Kh1 Kf3 88. Bh2 Kf2 89. Bc7 Rb5 90. Bd6
Rb1+ 91. Kh2 Rb5 92. Kh1 Rh5+ 93. Bh2 Rg5 94. Bc7 Rg1+ 95. Kh2 Rg6 96. Kh1 Ra6
97. Be5 Ra4 98. Bd6 Rc4 99. Be5 Rb4 100. Bd6 Rb5 101. Bc7 Rb1+ 102. Kh2 Rb7
103. Bg3+ Kf3 104. Bd6 1/2-1/2

[Event "Bergen Grand Prix 2022"]
[Site "Nordnes Bydelshus"]
[Date "2022.11.25"]
[Round "4"]
[White "Strømhaug, Kristoffer Wang"]
[Black "Skytte, Rasmus"]
[Result "0-1"]
[WhiteElo "1750"]
[BlackElo "2351"]

1. e4 c5 2. Nf3 d6 3. d4 cxd4 4. Nxd4 Nf6 5. f3 e5 6. Nb3 d5 7. Bg5 d4 8. c3
Nc6 9. cxd4 Bb4+ 10. N1d2 exd4 11. Bd3 h6 12. Bxf6 Qxf6 13. O-O Bd6 14. Nc4 Bc7
15. e5 Nxe5 16. Nxe5 Bxe5 17. Bb5+ Kf8 18. Re1 g6 19. Nc5 Kg7 20. Nd3 Bd6 21.
Rc1 Bf5 22. Rc2 a6 23. Ba4 Rac8 24. Rce2 Rhd8 25. Bb3 Rc7 26. g3 h5 27. Qd2 h4
28. Nf4 d3 29. Nd5 dxe2 30. Nxf6 Bc5+ 31. Kh1 Rxd2 32. Ne8+ Kf8 33. Nxc7 Bf2
0-1

[Event "Bergen Grand Prix 2022"]
[Site "Nordnes Bydelshus"]
[Date "2022.11.25"]
[Round "4"]
[White "Roulet-Dubonnet, Emerik Våpenstad"]
[Black "Houska, Jovanka"]
[Result "1/2-1/2"]
[WhiteElo "2309"]
[BlackElo "2347"]

1. d4 d5 2. c4 e6 3. Nc3 Nf6 4. cxd5 exd5 5. Bg5 Be7 6. e3 c6 7. Bd3 Nbd7 8.
Nge2 O-O 9. O-O Re8 10. Qc2 Nf8 11. Rad1 g6 12. f3 Ne6 13. Bh4 b6 14. Kh1 Bb7
15. Bf2 c5 16. Bb5 Rf8 17. dxc5 bxc5 18. e4 d4 19. Nb1 Rb8 20. Na3 Nh5 21. Qa4
Qc7 22. Be1 Bd6 23. Ba5 Qe7 24. Nc4 a6 25. Bc6 Nef4 26. Nxf4 Bxf4 27. g3 Bxg3
28. hxg3 Nxg3+ 29. Kg2 Nxf1 30. Rxf1 Bc8 31. Bd5 Qg5+ 32. Kf2 Bh3 33. Rg1 Rxb2+
34. Nxb2 Qe3+ 35. Kg3 Qxg1+ 36. Kxh3 Qh1+ 37. Kg3 Qg1+ 38. Kh3 Qf1+ 39. Kg3
Qg1+ 40. Kh3 1/2-1/2

[Event "Bergen Grand Prix 2022"]
[Site "Nordnes Bydelshus"]
[Date "2022.11.25"]
[Round "4"]
[White "Mansoor, Afras"]
[Black "Hølleland, Sigve"]
[Result "0-1"]
[WhiteElo "1990"]
[BlackElo "2148"]

1. d4 d5 2. c4 e6 3. Nf3 c5 4. cxd5 exd5 5. g3 Nc6 6. Bg2 Nf6 7. O-O cxd4 8.
Nxd4 Bc5 9. Nb3 Bb6 10. Bg5 Be6 11. Nc3 O-O 12. Na4 h6 13. Nxb6 axb6 14. Be3
Ne4 15. Nd4 Bd7 16. a3 Re8 17. Rc1 Ne5 18. Nc2 Ba4 19. Qd4 Nc6 20. Qd3 Ne5 21.
Qd4 Nc6 22. Qd3 Qf6 23. Bd4 Bxc2 24. Rxc2 Nxd4 25. Rc7 Nc5 26. Qd1 Nde6 0-1

[Event "Bergen Grand Prix 2022"]
[Site "Nordnes Bydelshus"]
[Date "2022.11.25"]
[Round "4"]
[White "Brodtkorb, Lars Johan"]
[Black "Texe, Eirik"]
[Result "1-0"]
[WhiteElo "2111"]
[BlackElo "1562"]

1. Nf3 Nf6 2. c4 g6 3. Nc3 d5 4. cxd5 Nxd5 5. Qb3 Nb6 6. Ng5 e6 7. d3 Nc6 8. g3
Nd4 9. Qd1 e5 10. Bg2 Bg7 11. h4 h5 12. O-O c6 13. Bd2 O-O 14. Rc1 Bg4 15. Re1
Qd7 16. Nce4 Rad8 17. Bb4 Rfe8 18. f3 Bf5 19. Nd6 Rf8 20. e3 Nd5 21. Ba3 Nb5
22. Nxb5 cxb5 23. Bxf8 Bxf8 24. e4 f6 25. exf5 fxg5 26. fxg6 b6 27. Rxe5 gxh4
28. f4 Nf6 29. d4 h3 30. Bc6 Qxd4+ 31. Qxd4 Rxd4 32. Bxb5 h2+ 33. Kg2 Rd2+ 34.
Re2 Rxe2+ 35. Bxe2 Bc5 36. Kxh2 1-0

[Event "Bergen Grand Prix 2022"]
[Site "Nordnes Bydelshus"]
[Date "2022.11.25"]
[Round "4"]
[White "Eriksen, Olai Dyrhaug"]
[Black "Hagesæther, Arne"]
[Result "1-0"]
[WhiteElo "1831"]
[BlackElo "2050"]

1. e4 e6 2. d4 d5 3. e5 c5 4. c3 Nc6 5. Nf3 Bd7 6. Bd3 cxd4 7. cxd4 Qb6 8. O-O
Nge7 9. Nbd2 Nxd4 10. Nxd4 Qxd4 11. Nf3 Qa4 12. b3 Qa5 13. Bd2 Qc7 14. Rc1 Nc6
15. Re1 h6 16. b4 a6 17. a4 Qd8 18. b5 Nb4 19. Bf1 a5 20. Nd4 Be7 21. Qg4 g6
22. Qh3 Rc8 23. Nb3 Kf8 24. Rxc8 Bxc8 25. Rc1 Kg7 26. Qe3 b6 27. Qd4 Bd7 28.
Be3 f6 29. exf6+ Bxf6 30. Qxb6 e5 31. Rc7 Rf8 32. Qb7 Rf7 33. Nc5 d4 34. Bd2
Bh4 35. Rxd7 Bxf2+ 36. Kh1 Rxd7 37. Qxd7+ Qxd7 38. Nxd7 e4 39. Nc5 e3 40. Bxb4
axb4 41. b6 e2 42. Bxe2 d3 43. Nxd3 Bxb6 44. Nxb4 1-0